000 nam a22 7a 4500
999 _c8940
_d8940
008 180321b ||||| |||| 00| 0 eng d
020 _a978-1-119-039754 (cloth)
082 _22016
_aDC 511.102
_bB293
100 _926969
_aBarton, Jeffrey T., 1970-
245 _aModels for life :
_b an introduction to discrete mathematical modeling with Microsoft Office Excel /
_cJeffrey T. Barton
260 _aHoboken, New Jersey :
_bWiley,
_c©2016.
300 _axviii, 467 pages :
_billustrations ;
_c25 cm
500 _aIncludes bibliographical references and index.
650 0 _926970
_aMicrosoft Excel (Computer file)
650 0 _926972
_aDifferentiable dynamical systems.
650 0 _926973
_aDynamic programming.
365 _b8,621.00
_cPhp
942 _2ddc
_cDC